Statistics for Maths words beggining with T

Click here to take the quiz!

General Stats

  • This quiz has been taken 280 times
  • The average score is 7 of 14

Answer Stats

HintAnswer% Correct
three sided shapetriangle
96%
sin, cos, _____tan
95%
line meeting circumference of circle at one pointtangent
72%
four sided shapetrapezium
55%
greek letter used for mathstheta
49%
reflection, rotation etc...transformation
49%
a statement/proposition backed by mathematical prooftheorem
44%
functions of an angletrigonometry
41%
vector [3,-2] (eg.)translation
39%
3 Xtriple
35%
diagram often used to show outcomes in probabilitytree diagram
33%
primes that are only two apart (eg. 3 and 5)twin prime
19%
0,1,3,6,10,15...triangle numbers
16%
a shape which fits together continuously without leaving gapstessellating
13%

Score Distribution

Percentile by Number Answered

Percent of People with Each Score

Your Score History

You have not taken this quiz